| 000 | 01775nam a2200397 i 4500 | ||
|---|---|---|---|
| 003 | DO-SdBNP | ||
| 005 | 20250402115347.0 | ||
| 007 | ta | ||
| 008 | 250402b2024 dr a c 000 f spa d | ||
| 020 | _a9789945245516 | ||
| 040 |
_aDO-SdBNP _bspa _cBNPHU _erda |
||
| 082 | 4 |
_aRD863.44 _bR763 _222 |
|
| 100 | 1 |
_aRomero, Jaquelina _943394 _eautora _4aut. |
|
| 245 | 1 | 4 |
_aArsenio Lupin y el misterio de la casa Macorix / _cJaquelina Romero ; ilustraciones, Guillermo Pérez ; corrección de estilo, Gisela Vargas Ortega ; edición, Jorge Luis Zamora. |
| 250 | _aPrimera edición | ||
| 264 | 4 |
_aSanto Domingo : _bSantillana Infantil y Juvenil, _c©2024. |
|
| 300 |
_a67 páginas : _bilustraciones : _c20 cm. |
||
| 336 |
_atexto _btxt _2rdacontent |
||
| 337 |
_asin mediación _bn _2rdamedia |
||
| 338 |
_avolumen _bnc _2rdacarrier |
||
| 490 | 0 | _aLoqueleo | |
| 490 | 0 |
_aAzul _aNovela _v12 |
|
| 490 | 0 | _aArsenio Lupin | |
| 500 | _aIncluye datos biográficos de la autora en la página 67. | ||
| 500 | _aBasado en una de las historias de Maurice Leblanc. | ||
| 520 | _aLa introducción del legendario collar de la princesa Anacaona añade un elemento fascinante a esta historia, dotándola de un trasfondo histórico. La desaparición de esta valiosa reliquia desencadena una serie de eventos que mantienen al lector en suspenso. | ||
| 521 | _aJóvenes a partir de 12 años. | ||
| 590 | _aInventariado, 2025/ YL | ||
| 650 | 4 |
_aCuentos infantojuveniles dominicanos _984578 |
|
| 650 | 4 |
_aLiteratura infantojuvenil dominicana _984579 |
|
| 700 | 1 |
_aPérez, Guillermo _eilustraciones _929569 _4il. |
|
| 700 | 1 |
_aVargas Ortega, Gisela, _ecorrección de estilo _965096 _4corr. |
|
| 700 | 1 |
_aZamora, Jorge Luis, _eedición _942960 _4ed. |
|
| 910 | _aYLockward | ||
| 942 |
_2ddc _cLBS1 |
||
| 999 |
_c58558 _d58558 |
||